000 00669nam a2200193Ii 4500
003 JO-AjNU
008 230605s9999||||xx |||||||||||||| ||und||
040 _aJO-AjNU
_bara
_erda
_cJO-AjNU
041 _aara
050 1 4 _aHB172.S2732.2008
100 3 _aالسريتى،محمد احمد/علي عبدالوهاب نجا,
_eauthor
_932605
245 0 0 _aمبادىء الاقتصاد الجزئي= MICROECONOMICS
264 3 1 _aالاسكندرية:الدار الجامعية،2008
300 _a352ص
336 _atext
_btxt
_2rdacontent
337 _aunmediated
_bn
_2rdamedia
338 _avolume
_bnc
_2rdacarrier
650 4 _aالاقتصاد الجزئي
_932606
999 _aA13183
_c16751
_d16751